| 000 | 04480nam a22003857a 4500 | ||
|---|---|---|---|
| 005 | 20120209112714.0 | ||
| 010 | _aB-473693-705 | ||
| 020 |
_c95.00 _a9788189934323 |
||
| 035 | _aB-473695-705 | ||
| 037 | _bब्लूबेरी बुक्स | ||
| 082 | _aक | ||
| 100 |
_aभारद्वाज, मीनाक्षी _950848 |
||
| 245 |
_aपोकिरो तोता और पैनी नाक वला ओझा / _cमीनाक्षी भारद्वाज;स्टीफ़न एटकेन द्वारा चित्रांकित;रीना टंडन द्वारा अनमुदित |
||
| 260 |
_aनई दिल्ली _bकथा _c2011 |
||
| 270 |
_aए-3 सर्वोदय एनक्लेव, श्री औरोबिन्दो मार्ग _bनई दिल्ली _e110017 |
||
| 300 |
_aअ.पृ. _bसचित्र _c20सेमी (अजिल्द) |
||
| 700 |
_aएटकेन, स्टीफ़न _941293 |
||
| 700 |
_aटंडन, रीना _941305 |
||
| 942 |
_2ddc _cCH _hक _mभारद्वा |
||
| 999 |
_c62359 _d62359 |
||